Organización y dirección industrial
Gardado en:
| Main Authors: | , , , |
|---|---|
| Formato: | Libro |
| Idioma: | Lingua castelá |
| Publicado: |
Ciudad de México
Fondo de Cultura Económica
1968
|
| Edición: | 7a. ed |
| Series: | Sección de Obras de Economía
|
| Subjects: | |
| Tags: |
Engadir etiqueta
Sen Etiquetas, Sexa o primeiro en etiquetar este rexistro!
|
MARC
| LEADER | 00000nam a2200000 a 4500 | ||
|---|---|---|---|
| 001 | UCR9323 | ||
| 003 | CL-VaPUC | ||
| 008 | 980613e19680000MX |||||||||||||||||spa|d | ||
| 082 | 0 | 4 | |a 658.402 |b BET |2 21 |
| 100 | 0 | |a Bethel, Lawrence L |e author |9 411731 | |
| 700 | 0 | |a Atwater, Franklin S |e author |9 411732 | |
| 700 | 0 | |a Smith, George H |e author |9 411733 | |
| 700 | 0 | |a Stackman, Harvey A |e author |9 411734 | |
| 245 | 1 | 0 | |a Organización y dirección industrial |
| 250 | |a 7a. ed | ||
| 300 | |a 882 p | ||
| 942 | |c BK | ||
| 945 | |d 19980613 00:00:00 |a crobeson | ||
| 260 | |a Ciudad de México |b Fondo de Cultura Económica |c 1968 | ||
| 650 | 0 | |a Administración de empresas |9 260833 | |
| 650 | 0 | |a Gestión |9 260993 | |
| 650 | 0 | |a Gestión industrial |9 263790 | |
| 650 | 0 | |a Administración financiera |9 261146 | |
| 650 | 0 | |a Gestión de la producción |9 259467 | |
| 650 | 0 | |a Relaciones laborales |9 335971 | |
| 650 | 0 | |a Administración del personal |9 260442 | |
| 650 | 7 | |a PERSONAL |2 CL-VaPUC |9 343747 | |
| 583 | |a last modification |c 19980613 00:00:00 |k Rodrigo Vera | ||
| 490 | 0 | |a Sección de Obras de Economía | |
| 999 | |c 270522 |d 270520 | ||
| 952 | |0 0 |1 0 |4 0 |6 658_402000000000000_BET_1968 |7 0 |8 A |9 304841 |a BIBENE |b BIBENE |d 2019-11-20 |i 1411047 |o 658.402 BET 1968 |p 1411047 |r 2025-01-15 |w 2019-11-20 |y BK |k ICO | ||